| 000 | 00468nam a22001217a 4500 | ||
|---|---|---|---|
| 082 |
_a388.068 _bNAT |
||
| 100 |
_aNational Research Council _926742 |
||
| 245 |
_aManagement of Transportation and Environmental Review Functions _bManagement of Transportation and Environmental Review Functions |
||
| 260 |
_aNational Academy of Sciences _bThe world bank washington, D.C _c1976 |
||
| 300 |
_bill. ; _c29 cm |
||
| 526 |
_a0 _b0 _c0 _d388_068000000000000_NAT |
||
| 942 |
_2ddc _cBK |
||
| 999 |
_c543207 _d543207 |
||